Estadísticas para Países que usan el Peso

Haz click aquí para tomar la prueba!

Estadísticas generales

  • Esta prueba ha sido tomada 2.848 veces
  • La puntuación promedio es 6 de 8

Estadísticas de respuestas

País% Correcto
Argentina
97%
México
94%
Chile
93%
Colombia
93%
Uruguay
87%
Cuba
71%
República Dominicana
62%
Filipinas
27%

Distribución de puntuación

Porcentaje por número respondido

Porcentaje de gente con cada puntuación

Historial de tus puntuaciones

No has tomado esta prueba